The terms of trade : (Record no. 50145)
[ view plain ]
| 000 -LEADER | |
|---|---|
| fixed length control field | 01301nam a2200349 a 4500 |
| 001 - CONTROL NUMBER | |
| control field | 50145 |
| 003 - CONTROL NUMBER IDENTIFIER | |
| rucl marc code | BD-RjUL |
| 005 - DATE AND TIME OF LATEST TRANSACTION | |
| control field | 20211209075450.0 |
| 008 - FIXED-LENGTH DATA ELEMENTS--GENERAL INFORMATION | |
| fixed length control field | 160823s1956 nyua b 000 0 eng |
| 035 ## - SYSTEM CONTROL NUMBER | |
| System control number | (BD-RjUL)50265 |
| System control number | (OCoLC)02193962 |
| System control number | GLIS00315701 |
| 040 ## - CATALOGING SOURCE | |
| Original cataloging agency | DLC |
| Transcribing agency | TOL |
| Modifying agency | m.c. |
| -- | SER |
| -- | RQB |
| Language of cataloging | eng |
| 041 ## - LANGUAGE CODE | |
| Language code of text/sound track or separate title | eng |
| 082 ## - DEWEY DECIMAL CLASSIFICATION NUMBER | |
| Classification number | 382 |
| Author mark and year | KIT 1956 |
| 090 ## - LOCALLY ASSIGNED LC-TYPE CALL NUMBER (OCLC); LOCAL CALL NUMBER (OCLC) | |
| Classification number (OCLC) (R) ; Classification number, CALL (RLIN) (NR) | HF3496 |
| Local cutter number (OCLC) ; Book number/undivided call number, CALL (RLIN) | .K51 |
| 099 ## - LOCAL FREE-TEXT CALL NUMBER (OCLC) | |
| Bangla Class number | HF3496.K51 |
| 100 1# - MAIN ENTRY--PERSONAL NAME | |
| Personal name | Kindleberger, Charles Poor, |
| Dates associated with a name | 1910-2003. |
| 9 (RLIN) | 130594 |
| 245 14 - TITLE STATEMENT | |
| Title | The terms of trade : |
| Remainder of title | a European case study / |
| Statement of responsibility, etc. | Charles P. Kindleberger, with the assistance of Herman G. van der Tak and Jaroslav Vanek. |
| 260 ## - PUBLICATION, DISTRIBUTION, ETC. (IMPRINT) | |
| Place of publication, distribution, etc. | New York : |
| Name of publisher, distributor, etc. | Published jointly by the Technology Press of Massachusetts Institute of Technology and Wiley, |
| Date of publication, distribution, etc. | c1956 |
| 300 ## - PHYSICAL DESCRIPTION | |
| Pagination | xx, 382 p. : |
| Illustrations | ill. ; |
| Size | 24 cm. |
| 490 1# - SERIES STATEMENT | |
| Series statement | Technology Press books in the social sciences |
| 504 ## - BIBLIOGRAPHY, ETC. NOTE | |
| Bibliography, etc | Bibliographical footnotes. |
| 650 #0 - SUBJECT ADDED ENTRY--TOPICAL TERM | |
| Topical term or geographic name as entry element | Income |
| Geographic subdivision | Europe. |
| 9 (RLIN) | 150292 |
| 651 #0 - SUBJECT ADDED ENTRY--GEOGRAPHIC NAME | |
| Geographic name | Europe |
| General subdivision | Commerce. |
| 9 (RLIN) | 150293 |
| 700 ## - ADDED ENTRY--PERSONAL NAME | |
| Personal name | Tak , Herman G. van der |
| Personal name | Vanek, Jaroslav |
| 830 #0 - SERIES ADDED ENTRY--UNIFORM TITLE | |
| Uniform title | Technology Press books in the social sciences. |
| 942 ## - ADDED ENTRY ELEMENTS (KOHA) | |
| Source of classification or shelving scheme | Dewey Decimal Classification |
| Koha item type | Books |
| 949 ## - LOCAL PROCESSING INFORMATION (OCLC) | |
| a | MYGV |
| b | 39080004658198 |
| a | MYGD |
| b | 39080004658180 |
| -- | 39080004658172 |
| -- | 39080004666175 |
| Lost status | Source of classification or shelving scheme | Damaged status | Not for loan | Collection code | Permanent Location | Current Location | Shelving location | Date acquired | Source of acquisition | Cost, normal purchase price | Total Checkouts | Full call number | Date last seen | Copy number | Koha item type |
|---|---|---|---|---|---|---|---|---|---|---|---|---|---|---|---|
| Dewey Decimal Classification | Non-fiction | Central Library, University of Rajshahi | Central Library, University of Rajshahi | 27/11/1957 | Pak-American Councile | 45.00 | 382 KIT 1956 | 23/08/2016 | C-2 | Books |